[Event "ICS rated blitz match"]
[Site "204.178.125.65"]
[Date "2000.12.12"]
[Round "?"]
[White "ComputoJon"]
[Black "Hossa"]
[Result "0-1"]
[WhiteElo "2247"]
[BlackElo "2462"]
[PlyCount "63"]
[EventDate "2000.??.??"]

1. e4 Nf6 2. e5 Nd5 3. d4 d6 4. Nf3 Bg4 5. Be2 e6 6. c4 Nb6 7. O-O d5 8. c5
N6d7 9. Nfd2 Bxe2 10. Qxe2 b6 11. b4 Nc6 12. Nb3 Nxb4 13. cxb6 axb6 14. f4 c5
15. Be3 c4 16. Nc1 Be7 17. f5 exf5 18. Rxf5 O-O 19. Nc3 Nb8 20. a3 Qd7 21. Rh5
N4c6 22. Qf3 Rxa3 23. Rxa3 Bxa3 24. Nxd5 Bxc1 25. Nf6+ gxf6 26. Qg3+ Kh8 27.
Rxh7+ Kxh7 28. Qh4+ Kg6 29. Qh6+ Kf5 30. Qxf6+ Ke4 31. Qf3+ Kd3 32. Bxc1+ {
ComputoJon resigns} 0-1

[Event "ICS rated blitz match"]
[Site "204.178.125.65"]
[Date "2000.12.12"]
[Round "?"]
[White "Hossa"]
[Black "FishPuppy"]
[Result "1-0"]
[WhiteElo "2469"]
[BlackElo "2019"]
[PlyCount "95"]
[EventDate "2000.??.??"]

1. d3 Nf6 2. e4 d6 3. Nf3 c5 4. Be2 Nc6 5. O-O g6 6. Be3 Bg7 7. Na3 Ng4 8. c3
Nxe3 9. fxe3 O-O 10. d4 b6 11. Bc4 Bb7 12. Qe2 a6 13. Qf2 b5 14. Bb3 e6 15.
Rad1 Qe7 16. Bc2 e5 17. d5 Nd8 18. Ra1 f6 19. c4 b4 20. Nb1 Nf7 21. Nbd2 a5 22.
Ba4 Bc8 23. Rac1 Rb8 24. Nb3 Qc7 25. Ra1 Kh8 26. Bc6 Nh6 27. Qe2 Ng8 28. Rf2
Ne7 29. Ba4 h6 30. Raf1 Kh7 31. Nh4 h5 32. Qc2 Ng8 33. Nf3 Nh6 34. Ng5+ Kh8 35.
h3 Nf7 36. Nxf7+ Rxf7 37. Be8 Kh7 38. Bxf7 Qxf7 39. Nxa5 Ra8 40. Nc6 Rxa2 41.
Qb1 Ra8 42. b3 Bd7 43. Ra2 Rxa2 44. Qxa2 Bh6 45. Rf3 Kg7 46. Qa7 Bg5 47. Qb8
Qf8 48. Qc7 {FishPuppy resigns} 1-0

[Event "ICS rated blitz match"]
[Site "204.178.125.65"]
[Date "2000.12.12"]
[Round "?"]
[White "PostModernist"]
[Black "Hossa"]
[Result "1-0"]
[WhiteElo "2562"]
[BlackElo "2471"]
[PlyCount "159"]
[EventDate "2000.??.??"]

1. d4 d5 2. Nf3 Nf6 3. e3 e6 4. Bd3 c5 5. O-O c4 6. Be2 Bd6 7. b3 b5 8. a4 bxa4
9. bxc4 Bd7 10. c5 Bc7 11. c4 Ne4 12. cxd5 exd5 13. Bb2 O-O 14. Nc3 Nxc3 15.
Bxc3 Qe7 16. Bd3 f5 17. Bc2 Bb5 18. Re1 Nd7 19. Bxa4 Bxa4 20. Qxa4 Nf6 21. Ba5
Rfb8 22. Bxc7 Qxc7 23. Ne5 a6 24. Qc6 Qxc6 25. Nxc6 Rb2 26. Ne7+ Kf8 27. Nxf5
Ne4 28. Ng3 Nxg3 29. hxg3 a5 30. e4 dxe4 31. Rxe4 a4 32. d5 a3 33. d6 Rc2 34.
d7 Rd8 35. Rxa3 Rxd7 36. Rf3+ Rf7 37. Re5 g6 38. Rxf7+ Kxf7 39. g4 Kf6 40. f4
Rc4 41. g5+ Kf7 42. g3 Rc2 43. Kf1 Rc1+ 44. Ke2 Rc3 45. Kf2 Rc2+ 46. Ke3 Rc3+
47. Kd4 Rc2 48. Re4 Kf8 49. Kd5 Rd2+ 50. Rd4 Rc2 51. Kd6 Ke8 52. c6 Kd8 53. Rb4
Rd2+ 54. Kc5 Rc2+ 55. Kd5 Kc8 56. Rb7 Rd2+ 57. Kc5 Rc2+ 58. Kd6 Rd2+ 59. Ke5
Rc2 60. Rxh7 Rxc6 61. Rf7 Rc3 62. Kf6 Rc6+ 63. Kg7 Rc3 64. Kxg6 Kd8 65. f5 Rxg3
66. Rf8+ Kd7 67. Kf6 Rh3 68. g6 Rh6 69. Rf7+ Kc8 70. Rh7 Kd8 71. Rxh6 Kc7 72.
g7 Kd6 73. g8=Q Kc6 74. Kg5+ Kb5 75. Qb3+ Kc5 76. Kf4 Kd4 77. Rd6+ Kc5 78. Qb6+
Kc4 79. Rc6+ Kd3 80. Qe3# {Hossa checkmated} 1-0

[Event "ICS rated standard match"]
[Site "204.178.125.65"]
[Date "2000.12.12"]
[Round "?"]
[White "Hossa"]
[Black "BOXERMA"]
[Result "1-0"]
[WhiteElo "2416"]
[BlackElo "1970"]
[PlyCount "37"]
[EventDate "2000.??.??"]

1. Nf3 d5 2. c4 c6 3. e3 Nf6 4. Nc3 e6 5. d4 Bd6 6. c5 Bc7 7. Bd3 Nbd7 8. Qa4
Qe7 9. e4 dxe4 10. Nxe4 Nxe4 11. Bxe4 O-O 12. O-O Nf6 13. Bg5 Bd7 14. Ne5 Bxe5
15. Bxh7+ Kh8 16. dxe5 Qxc5 17. Bd3 Nh5 18. Qh4 g6 19. g4 {BOXERMA resigns} 1-0

[Event "ICS rated standard match"]
[Site "204.178.125.65"]
[Date "2000.12.12"]
[Round "?"]
[White "BOXERMA"]
[Black "Hossa"]
[Result "0-1"]
[WhiteElo "1968"]
[BlackElo "2418"]
[PlyCount "128"]
[EventDate "2000.??.??"]

1. e4 e6 2. d4 d5 3. Nd2 c5 4. exd5 exd5 5. Bb5+ Bd7 6. Qe2+ Qe7 7. Bxd7+ Nxd7
8. dxc5 Nxc5 9. Nb3 Qxe2+ 10. Nxe2 Nxb3 11. axb3 Bc5 12. Bd2 Nf6 13. Bc3 Ne4
14. Bd4 Bxd4 15. Nxd4 Kd7 16. O-O Rhe8 17. Rfe1 Nf6 18. Rxe8 Rxe8 19. Kf1 a6
20. Re1 Re4 21. c3 g6 22. f3 Rxe1+ 23. Kxe1 Kd6 24. Ke2 h6 25. Ke3 Nd7 26. b4
Ne5 27. b3 Nd7 28. Kf4 Nf6 29. g3 Ne8 30. Ke3 Kd7 31. Kd3 Ke7 32. Ke3 f5 33.
Kd3 Nf6 34. Ke3 Kd6 35. Kd3 Ke5 36. Ke2 g5 37. Kd3 Ne8 38. Ke2 h5 39. Kd3 f4
40. Ke2 fxg3 41. hxg3 Nd6 42. Kf2 Nf5 43. Ne2 d4 44. f4+ gxf4 45. cxd4+ Ke4 46.
gxf4 Nxd4 47. Ng3+ Kxf4 48. Nxh5+ Ke4 49. Nf6+ Kd3 50. Ne8 Kc3 51. Nd6 b5 52.
Ke3 Nxb3 53. Ke4 Kxb4 54. Kd3 a5 55. Kc2 a4 56. Kb2 a3+ 57. Ka2 Nc1+ 58. Ka1
Ka4 59. Nxb5 Kxb5 60. Kb1 Nd3 61. Ka2 Kb4 62. Ka1 Kb3 63. Kb1 Nb4 64. Ka1 Nc2+
{BOXERMA resigns} 0-1

[Event "ICS rated standard match"]
[Site "204.178.125.65"]
[Date "2000.12.12"]
[Round "?"]
[White "Hossa"]
[Black "BOXERMA"]
[Result "1-0"]
[WhiteElo "2420"]
[BlackElo "1966"]
[PlyCount "97"]
[EventDate "2000.??.??"]

1. Nf3 d5 2. c4 dxc4 3. Na3 Nf6 4. Nxc4 e6 5. e3 Be7 6. d4 c5 7. Be2 Nc6 8. O-O
O-O 9. Nce5 Nxe5 10. dxe5 Qxd1 11. Rxd1 Nd5 12. e4 Nb4 13. a3 Nc2 14. Ra2 Rd8
15. Rxd8+ Bxd8 16. b3 Nd4 17. Nxd4 cxd4 18. Rd2 Bb6 19. Bb2 Bd7 20. Bxd4 Bxd4
21. Rxd4 Bc6 22. f4 Kf8 23. h4 Ke7 24. g4 Rd8 25. Rxd8 Kxd8 26. Bf3 Kd7 27. Kf2
Kd8 28. Ke3 Kd7 29. Be2 Kc7 30. Kd4 Kb6 31. Bd1 Kc7 32. Bf3 Kd7 33. Be2 Kc7 34.
Bd3 Kd7 35. h5 h6 36. Be2 Kc7 37. f5 exf5 38. gxf5 Kd7 39. Bc4 Ke7 40. Bd5 a6
41. Bxc6 bxc6 42. Kc5 g6 43. hxg6 fxg6 44. fxg6 h5 45. Kxc6 h4 46. g7 Kf7 47.
e6+ Kxg7 48. e7 h3 49. e8=Q {BOXERMA resigns} 1-0

[Event "ICS rated standard match"]
[Site "204.178.125.65"]
[Date "2000.12.12"]
[Round "?"]
[White "Hossa"]
[Black "scriabin"]
[Result "1-0"]
[WhiteElo "2422"]
[BlackElo "2113"]
[Annotator "Fritz 6 (16s)"]
[PlyCount "125"]
[EventDate "2000.??.??"]

1. Nf3 {B43: Sizilianisch (Paulsen-Variante)} 1... c5 2. e4 e6 3. Nc3 a6 {
Verwehrt dem Gegner b5} 4. d4 cxd4 5. Nxd4 Qc7 6. Bd3 Nf6 7. Nf3 Nc6 8. Bg5 Bd6
9. O-O Ng4 {Alles auf h2!} 10. h3 Nh2 11. Re1 Nxf3+ 12. Qxf3 O-O 13. Qh5 Ne5
14. Rac1 f6 15. Be3 b5 16. a3 {Nimmt Einfluss auf b4} 16... Bb7 17. Ne2 Nxd3
18. cxd3 Qd8 19. Bc5 Qe7 20. Bxd6 Qxd6 21. Nc3 Qd4 22. Qe2 Rac8 23. Qd2 e5 24.
Ne2 Qb6 25. Ng3 d5 26. Qe2 dxe4 27. dxe4 Rxc1 28. Rxc1 Rc8 29. Rd1 Rd8 30. Nf5
Rxd1+ 31. Qxd1 {Droht immerhin Matt} 31... Qc7 (31... Bxe4 $4 {
den sollte Schwarz lieber stehen lassen} 32. Qd7 Qxf2+ 33. Kxf2 Kf8 34. Qxg7+
Ke8 35. Qe7#) 32. f3 {Befestigt e4} 32... g6 33. Nd6 Bc6 34. Qb3+ Kg7 35. Qe6
Qd7 36. Qxd7+ Bxd7 37. Nb7 Kf7 38. Nc5 Bc8 39. b4 Ke7 40. Nd3 Kd6 41. Kf1 Kc6
42. Kf2 Kb6 43. f4 exf4 44. Nxf4 Bb7 45. Ke3 Kc6 46. Ne6 Kd6 47. Nc5 Bc8 48.
Kd4 g5 49. g4 h6 50. Kd3 a5 51. Kc3 axb4+ 52. Kxb4 ({Schwaecher scheint} 52.
axb4 Ke5 $17) 52... Kc6 53. Nb3 Bd7 (53... Kb6 $5 $14 {ist interessant}) 54.
Nd4+ $16 Kb6 55. Ne2 Bc6 56. Nc3 Bb7 $2 (56... Be8 $142 $5 $16) 57. Nd5+ $18
Kc6 58. Nxf6 Kd6 59. Kxb5 Ke5 $6 {kann die Stellungsprobleme nicht loesen} (
59... Bc6+ 60. Kb6 Ba4 $18) 60. Nd7+ Kf4 61. e5 Bd5 62. a4 Kg3 (62... Be6 {
macht keinen grossen Unterschied} 63. Kc6 $18) 63. Nf6 (63. Nf6 Be6 64. a5 $18)
1-0

[Event "ICS rated standard match"]
[Site "204.178.125.65"]
[Date "2000.12.12"]
[Round "?"]
[White "scriabin"]
[Black "Hossa"]
[Result "1/2-1/2"]
[WhiteElo "2108"]
[BlackElo "2427"]
[Annotator "Fritz 6 (16s)"]
[PlyCount "146"]
[EventDate "2000.??.??"]

1. d4 {D45: Damengambit (Anti-Meraner Variante)} 1... d5 2. c4 c6 3. Nc3 e6 4.
e3 Nf6 5. Nf3 b6 6. Bd3 dxc4 7. Bxc4 Be7 8. e4 O-O 9. O-O Ba6 10. Bxa6 Nxa6 11.
Qe2 Qc8 12. Bg5 Rd8 13. e5 Nd5 14. Nxd5 Bxg5 15. Nxg5 {
<=>e7 darf nicht uebersehen werden} 15... exd5 16. f4 h6 17. Nh3 c5 18. Rac1
Nb4 19. f5 Nxa2 20. Ra1 Nb4 {Ein schoenes Feld fuer den Springer} 21. f6 {
Weiss entwickelt Drohungen in der offenen c-Linie} 21... cxd4 22. Rac1 Qa6 23.
Qg4 {Aufpassen!} 23... g6 24. Qh4 $4 {und der Gewinn ist perdu} (24. e6 Qd3 25.
exf7+ Kxf7 26. Nf4 Qe3+ 27. Kh1 Qxf4 28. Rxf4 Rd6 29. Rc7+ Ke8 30. Qe2+ Kf8 31.
Qe7+ Kg8 32. Qg7#) 24... Qd3 $2 (24... Qe2 25. Rfe1 Qh5 26. Qxd4 $14) 25. e6 (
25. Rce1 $142 $5 h5 26. Qf4 $18) 25... Qe3+ $11 26. Kh1 Nd3 (26... Qxe6 27.
Qxh6 Qxf6 28. Rxf6 Rdc8 29. Rcf1 Rc4 30. Rxf7 Rac8 31. Qg7#) 27. Rc7 Rf8 (27...
Rac8 28. Rxf7 Rc1 (28... Qxe6 29. Rg7+ Kf8 30. Qxh6 Nf2+ 31. Nxf2 Qh3 32. Nxh3
Ke8 33. Re7#) 29. Rxc1 Qxc1+ 30. Ng1 Qg5 31. Rg7+ Kh8 $14) 28. Rf3 $4 {
vergibt den Vorteil} (28. Re7 Ne5 29. Re1 $18) 28... Qe1+ $11 29. Qxe1 Nxe1 30.
Rf1 Nd3 ({Schlechter scheint} 30... fxe6 31. Rg7+ Kh8 32. Rxg6 $16) 31. Rd1 $2
(31. e7 $142 $5 {und Weiss kann noch kaempfen} 31... Rfc8 32. Rd7 $11) 31...
Nxb2 $19 32. Rxd4 fxe6 33. Rg7+ Kh8 34. Rxg6 {Was droht?} 34... Rf7 35. Rh4 {
Mit konkreter Absicht gespielt} 35... Rh7 36. Rgxh6 Rxh6 37. Rxh6+ Kg8 38. Ng5
{Nicht ohne Drohungen} 38... Rf8 39. Rg6+ (39. Nxe6 $2 {ist falsch} 39... Re8
40. f7+ Kxf7 41. Ng5+ Kg7 42. Rh7+ Kg6 $19) 39... Kh8 40. Nxe6 {
Das muss pariert werden} 40... Rf7 41. Ng5 {
Wenn er doch jetzt Nxf7 uebersaehe...} 41... Rf8 42. Rh6+ Kg8 43. Rg6+ (43. f7+
$5 Kg7 44. Rd6 $16) 43... Kh8 $11 44. Rh6+ Kg8 45. Rg6+ (45. f7+ $142 $5 Kg7
46. Rd6 $16) 45... Kh8 $11 46. Rh6+ Kg8 47. Rg6+ (47. f7+ $5 Kg7 48. Rd6 $16)
47... Kh8 $11 48. Rh6+ Kg8 49. Rg6+ (49. f7+ $142 $5 Kg7 50. Rd6 $16) 49... Kh8
$11 50. Rh6+ Kg8 51. Rg6+ (51. f7+ $142 $5 Kg7 52. Rd6 $16) 51... Kh8 $11 52.
Rh6+ Kg8 53. Rg6+ (53. f7+ $142 $5 Kg7 54. Rd6 $16) 53... Kh8 $11 54. Rh6+ Kg8
55. Rg6+ (55. f7+ $5 Kg7 56. Rd6 $16) 55... Kh8 $14 56. Rh6+ Kg8 57. Rg6+ (57.
f7+ $5 Kg7 58. Rd6 $16) 57... Kh8 $11 58. Rh6+ Kg8 59. Rg6+ (59. f7+ $142 $5
Kg7 60. Rd6 $16) 59... Kh8 $11 60. Rh6+ Kg8 61. Rg6+ (61. f7+ $142 $5 Kg7 62.
Rd6 $16) 61... Kh8 $11 62. Rh6+ Kg8 63. Rg6+ (63. f7+ $5 Kg7 64. Rd6 $16) 63...
Kh8 $11 64. Rh6+ Kg8 65. Rg6+ (65. f7+ $142 $5 Kg7 66. Rd6 $16) 65... Kh8 $11
66. Rh6+ Kg8 67. Rg6+ (67. f7+ $142 $5 Kg7 68. Rd6 $16) 67... Kh8 $11 68. Rh6+
Kg8 69. Rg6+ (69. f7+ $142 $5 Kg7 70. Rd6 $16) 69... Kh8 $11 70. Rh6+ Kg8 71.
Rg6+ (71. f7+ $5 Kg7 72. Rd6 $16) 71... Kh8 $14 72. Rh6+ Kg8 73. Rg6+ (73. f7+
$142 $5 Kg7 74. Rd6 $16) 73... Kh8 $11 1/2-1/2

[Event "ICS rated standard match"]
[Site "204.178.125.65"]
[Date "2000.12.12"]
[Round "?"]
[White "Hossa"]
[Black "BOXERMA"]
[Result "1-0"]
[WhiteElo "2415"]
[BlackElo "1973"]
[Annotator "Fritz 6 (16s)"]
[PlyCount "77"]
[EventDate "2000.??.??"]

1. Nf3 {A09: Reti-Eroeffnung} 1... d5 2. c4 dxc4 3. Na3 Nf6 4. Nxc4 e6 5. e3 c5
6. Be2 Nc6 7. O-O Be7 8. d3 {Deckt e4} 8... O-O 9. Bd2 a6 10. Nfe5 Nxe5 11.
Nxe5 Nd7 12. Nc4 b5 13. Na5 Nb6 14. Bf3 Nd5 15. Nc6 Qc7 16. Nxe7+ Qxe7 17. e4
Nb6 18. Ba5 Rb8 19. Rc1 Bd7 20. Qc2 Rfc8 21. Be2 e5 22. f4 f6 23. fxe5 Qxe5 24.
Be1 Rb7 25. Bf2 {c5 steht unter Druck} 25... Rbc7 26. Qd2 Be6 27. Kh1 (27. b4
$142 $16) 27... Nd7 $2 (27... Rc6 $142 $11 {ist noch spielbar}) 28. Bg3 $18 Qd4
29. Bxc7 Rxc7 30. Qc3 Qe3 31. Rf3 Qg5 32. d4 c4 {
Der Freibauer d4 fuehrt schnell zu Drohungen} 33. Rcf1 Qg6 34. d5 Bf7 35. Rf5
Ne5 (35... Qh6 $18) 36. Qa5 Rd7 (36... Rc8 {hilft allerdings auch nicht} 37.
Qxa6 Rb8 38. Qa7 $18) 37. Qxa6 h6 (37... Rd8 $18 {ist noch eine duenne Chance})
38. Qc8+ Be8 (38... Kh7 {waere gleichermassen fruchtlos} 39. Rxe5 $1 {
Beseitigung einer Deckungsfigur: e5} 39... fxe5 40. Qxd7 $18) 39. Bh5 (39. Bh5
Rc7 40. Qxc7 Qxh5 41. Rxh5 Bxh5 42. Rf4 $18) 1-0

[Event "ICS rated blitz match"]
[Site "204.178.125.65"]
[Date "2000.12.12"]
[Round "?"]
[White "DM7"]
[Black "Hossa"]
[Result "1-0"]
[WhiteElo "2447"]
[BlackElo "2475"]
[Annotator "Fritz 6 (16s)"]
[PlyCount "79"]
[EventDate "2000.??.??"]

1. e4 {B05: Aljechin-Verteidigung (Moderne Variante)} 1... Nf6 2. e5 Nd5 3. d4
d6 4. Nf3 Bg4 5. Be2 e6 6. O-O Be7 7. c4 Nb6 8. Nc3 O-O 9. Be3 N8d7 10. exd6
cxd6 (10... Bxd6 $2 11. c5 $18) 11. Nd2 Bf5 12. a4 Nf6 13. a5 Nbd7 14. g4 Bg6
15. f4 Ne8 16. Qb3 Rb8 $2 (16... f5 $142 $16) 17. f5 $18 Bg5 18. Bxg5 (18. fxg6
$2 {ist einladend aus, doch} 18... Bxe3+ 19. Kg2 Bxd2 20. gxh7+ Kh8 $19) 18...
Qxg5 19. Nce4 (19. fxg6 $6 {bringt nichts} 19... Qxd2 20. gxh7+ Kxh7 $14) 19...
Qh4 20. fxg6 hxg6 21. g5 e5 22. dxe5 Nxe5 (22... dxe5 {
aendert den Lauf der Dinge nicht} 23. Qe3 $18) 23. Ra4 (23. Qe3 $5 {
und Weiss haette es noch leichter} 23... f5 24. Rf4 Qh7 $18) 23... Kh8 24. Qe3
Nc6 25. c5 f5 (25... d5 {aendert nichts mehr} 26. Nf6 $1 {Motiv: Fesselung}
26... d4 27. Nd7 $18) 26. gxf6 d5 27. f7 Nc7 (27... Qh6 {
wuerde die Partie unwesentlich verlaengern} 28. Qxh6+ gxh6 29. fxe8=B Rfxe8 $18
) 28. Rf3 Qe1+ (28... dxe4 29. Rh3 g5 30. Nxe4 Rxf7 31. Nxg5 $18) 29. Nf1 Rxf7
30. Rxf7 dxe4 31. Qh3+ Kg8 32. Bc4 Nxa5 33. Qd7 Kh7 (33... Qg3+ {
hilft auch nicht mehr} 34. hxg3 Kh7 35. Rxg7+ Kh6 36. Qf7 Nxc4 37. Qxg6#) 34.
Rxg7+ Kh6 {Wenn Schwarz jetzt zu Rf8 kaeme...} 35. Qf7 Qf2+ 36. Kxf2 Rf8 37.
Rxg6+ Kh5 38. Ng3+ Kh4 39. Nf5+ Kh5 (39... Kh3 {holt die Kuh nicht vom Eis} 40.
Qh7#) 40. Be2# 1-0

[Event "ICS rated blitz match"]
[Site "204.178.125.65"]
[Date "2000.12.12"]
[Round "?"]
[White "ChesterX"]
[Black "Hossa"]
[Result "1-0"]
[WhiteElo "2633"]
[BlackElo "2458"]
[Annotator "Fritz 6 (16s)"]
[PlyCount "111"]
[EventDate "2000.??.??"]

1. d4 {D25: Angenommenes Damengambit} 1... d5 2. Nf3 Nf6 3. c4 dxc4 4. e3 Be6
5. Na3 Bd5 6. Nxc4 e6 7. Bd3 c5 8. O-O Nc6 9. Nce5 cxd4 10. Nxc6 bxc6 11. Nxd4
Bd6 12. Qc2 Qb6 13. Ne2 c5 14. e4 c4 15. Qa4+ Kf8 16. Bxc4 Bxh2+ 17. Kxh2 Qc7+
18. Kg1 Qxc4 19. Qa3+ Kg8 20. exd5 Qxe2 21. d6 Qe5 22. Qb4 Rd8 23. Bf4 Qh5 24.
Rac1 e5 $2 (24... h6 $142 $14 {damit waere Schwarz im Spiel geblieben}) 25. Qa5
$18 {Droht Matt: Qxd8} 25... Re8 26. Rc7 Qf5 27. Re7 Ra8 (27... Rxe7 28. dxe7
h6 29. Qxe5 $18) 28. Rxa7 {Nicht ohne Gift} 28... Re8 29. Bxe5 $1 {
Die Raeumung erlaubt f2-f4} 29... Rf8 (29... Qxe5 30. Qxe5) 30. Bc3 Qe6 (30...
Qg4 $18 {ist vielleicht ein Schwindelversuch}) 31. Re1 Qxd6 32. Bb4 Qf4 33.
Bxf8 h6 34. Qb4 Qg5 35. Qc4 Qh5 36. Bd6 Qg6 37. Ree7 Kh7 38. Qxf7 Rg8 39. Qxg6+
Kxg6 40. a4 Ng4 41. b4 h5 42. b5 Rc8 {Mit der Mattdrohung Rc1} 43. Rxg7+ Kf5
44. Raf7+ Ke6 45. Bc7 Ra8 46. Rf4 Rh8 47. b6 Kd5 48. b7 Re8 {Es droht Re1} 49.
Rf5+ Kc4 50. Kf1 Kb3 51. b8=Q+ Rxb8 52. Bxb8 Kxa4 53. Rb7 h4 (53... Ne5 {
aendert nichts am Ausgang der Partie} 54. Bxe5 Ka5 55. Bc7+ Ka6 56. Rb6+ Ka7
57. Ra5#) 54. Bc7 Ne5 (54... Ne3+ {nuetzt auch nichts mehr} 55. fxe3 h3 56.
Ra5#) 55. Rxe5 h3 56. Ra5# 1-0

[Event "ICS Rated blitz match"]
[Site "204.178.125.65"]
[Date "2000.12.12"]
[Round "?"]
[White "Hossa"]
[Black "A-Yasseen"]
[Result "1-0"]
[WhiteElo "2449"]
[BlackElo "2231"]
[PlyCount "95"]
[EventDate "2000.??.??"]

1. Nf3 Nf6 2. d4 e6 3. c4 d5 4. Nc3 c6 5. e3 Nbd7 6. cxd5 exd5 7. Bd3 Bd6 8.
Qc2 O-O 9. b3 Re8 10. a3 a5 11. O-O Nf8 12. e4 dxe4 13. Nxe4 Nxe4 14. Bxe4 Bg4
15. Ng5 g6 16. h3 Bc8 17. Nf3 f5 18. Bd3 Be6 19. Bh6 Bd5 20. Bc4 Ne6 21. Bxd5
cxd5 22. Rfe1 Qc7 23. Qd2 Qb6 24. Re3 Ng7 25. Bxg7 Kxg7 26. Ne5 Bxe5 27. dxe5
d4 28. Rd3 Rad8 29. f4 Re7 30. Rd1 Red7 31. Qc2 Qc6 32. Qxc6 bxc6 33. Rc1 Rb8
34. Rxc6 Rdb7 35. Rxd4 Rxb3 36. Ra4 Rg3 37. Rc7+ Kh6 38. Kh2 Rbb3 39. Rxa5 Rxa3
40. Rxa3 Rxa3 41. g4 fxg4 42. hxg4 Rf3 43. g5+ Kh5 44. Rxh7+ Kg4 45. Rf7 Re3
46. Kg2 Re4 47. Kf2 Ra4 48. Ke3 {A-Yasseen resigns} 1-0

[Event "ICS rated blitz match"]
[Site "204.178.125.65"]
[Date "2000.12.12"]
[Round "?"]
[White "A-Yasseen"]
[Black "Hossa"]
[Result "0-1"]
[WhiteElo "2224"]
[BlackElo "2456"]
[PlyCount "120"]
[EventDate "2000.??.??"]

1. e4 Nf6 2. e5 Nd5 3. d4 d6 4. Nf3 Bg4 5. Be2 e6 6. c4 Nb6 7. exd6 cxd6 8. Nc3
Be7 9. O-O O-O 10. h3 Bh5 11. Be3 Re8 12. b3 f5 13. Rc1 N6d7 14. Qd2 Bf6 15.
Rfd1 Na6 16. Nb5 Qe7 17. Bf4 e5 18. dxe5 dxe5 19. Qxd7 Qxd7 20. Rxd7 exf4 21.
Bd3 Bxf3 22. gxf3 Nc5 23. Rd5 Nxd3 24. Rxd3 Rad8 25. Rcd1 Rxd3 26. Rxd3 Re1+
27. Kg2 Re2 28. a4 Bh4 29. Nd6 Rxf2+ 30. Kg1 Rb2 31. Nxf5 Bf2+ 32. Kf1 Bb6 33.
Ne7+ Kf8 34. Nd5 g5 35. Nxb6 axb6 36. Kg1 Ke7 37. Kf1 Rh2 38. Rd5 Rxh3 39. Kg2
g4 40. fxg4 Rxb3 41. Rh5 Rg3+ 42. Kf2 Kd7 43. Rxh7+ Kc6 44. Rg7 Rc3 45. g5 Rxc4
46. g6 Rxa4 47. Kf3 Ra1 48. Rg8 Rg1 49. Kxf4 b5 50. Kf5 b4 51. Rc8+ Kb5 52. Rc2
b3 53. Rf2 Kb4 54. Kf6 Kc3 55. Rf3+ Kc2 56. Rf5 b2 57. Rc5+ Kd3 58. Rb5 b1=R
59. Rxb1 Rxb1 60. g7 Rg1 {A-Yasseen resigns} 0-1

[Event "ICS Rated blitz match"]
[Site "204.178.125.65"]
[Date "2000.12.12"]
[Round "?"]
[White "mainboard"]
[Black "Hossa"]
[Result "0-1"]
[WhiteElo "1907"]
[BlackElo "2463"]
[PlyCount "78"]
[EventDate "2000.??.??"]

1. e4 e6 2. d4 d5 3. Nc3 Bb4 4. e5 c5 5. Nf3 Ne7 6. a3 Bxc3+ 7. bxc3 Qc7 8.
Bb5+ Bd7 9. Bxd7+ Nxd7 10. O-O O-O 11. a4 Nb6 12. dxc5 Nc4 13. Qd4 Nc6 14. Qg4
N6xe5 15. Nxe5 Qxe5 16. Qd4 Qf5 17. Qd3 Qf6 18. a5 Rfc8 19. Qd4 Qf5 20. Ra2 Rc6
21. Bf4 Ra6 22. Rfa1 f6 23. Bg3 Qg6 24. Qd3 Rc8 25. Qe2 Rxc5 26. f3 Qf7 27. Bf2
Rb5 28. Ra4 e5 29. Rb4 Rbxa5 30. Rxa5 Rxa5 31. h3 Ra1+ 32. Kh2 Qd7 33. Qd3 Qc6
34. Qf5 a5 35. Rb3 Nd2 36. Rb6 Nf1+ 37. Kg1 Ng3+ 38. Kh2 Nxf5 39. Rxc6 bxc6 {
mainboard resigns} 0-1

[Event "ICS rated bullet match"]
[Site "204.178.125.65"]
[Date "2000.12.12"]
[Round "?"]
[White "JSBach"]
[Black "Hossa"]
[Result "0-1"]
[WhiteElo "2087"]
[BlackElo "2604"]
[PlyCount "122"]
[EventDate "2000.??.??"]

1. e4 e6 2. Nf3 d5 3. Bd3 dxe4 4. Bxe4 Nf6 5. Bd3 Bc5 6. O-O O-O 7. Bc4 Bd7 8.
d4 Bd6 9. Be3 Ng4 10. Bg5 f6 11. Bd2 Nc6 12. h3 Nh6 13. Bxh6 gxh6 14. Qd2 Qe8
15. Qxh6 Qg6 16. Qxg6+ hxg6 17. Re1 Nb4 18. Na3 Nd5 19. Nb5 Bb4 20. c3 Ba5 21.
Rad1 a6 22. Na3 Ba4 23. Rd2 Bd7 24. Rde2 Nf4 25. Re4 g5 26. b4 Bb6 27. Nb1 Rad8
28. Nbd2 a5 29. b5 a4 30. Kh1 Ba5 31. R1e3 Nd5 32. Bxd5 exd5 33. Re7 Bxb5 34.
h4 Rd7 35. h5 Rxe7 36. Rxe7 Re8 37. Rxe8+ Bxe8 38. g4 Bd7 39. Nh2 Bxc3 40. Ndf3
Bb5 41. Kg2 Bc4 42. Kg3 a3 43. Ng1 Bxd4 44. Nhf3 Bc5 45. Kg2 Bxa2 46. Ne2 Bc4
47. Ned4 Bxd4 48. Nxd4 a2 49. Nc2 Bb3 50. Na1 Bd1 51. f3 d4 52. Kg3 d3 53. f4
d2 54. fxg5 Bxg4 55. Kxg4 d1=Q+ 56. Kg3 Qxa1 57. Kg2 fxg5 58. Kh3 Qf1+ 59. Kg3
Qf4+ 60. Kg2 a1=Q 61. h6 Qaf1# {JSBach checkmated} 0-1

[Event "ICS Rated blitz match"]
[Site "204.178.125.65"]
[Date "2000.12.12"]
[Round "?"]
[White "Hossa"]
[Black "ChesterX"]
[Result "1-0"]
[WhiteElo "2464"]
[BlackElo "2601"]
[PlyCount "103"]
[EventDate "2000.??.??"]

1. Nf3 d5 2. c4 d4 3. g3 Nc6 4. Bg2 e5 5. Qa4 f6 6. d3 Bd6 7. c5 Bxc5 8. Nxe5
Bb4+ 9. Kd1 fxe5 10. Bxc6+ bxc6 11. Qxb4 Qd5 12. f3 a5 13. Qc4 Qxc4 14. dxc4
Be6 15. Nd2 Ne7 16. c5 O-O 17. g4 Nd5 18. Nc4 Nc3+ 19. bxc3 Bxc4 20. cxd4 exd4
21. Re1 Rab8 22. Kd2 Rfe8 23. e3 d3 24. e4 Rf8 25. f4 Rb4 26. Ke3 Rd8 27. Bd2
Rb2 28. a4 Rdb8 29. Rec1 Ba6 30. h4 R8b3 31. Rd1 Kf7 32. h5 Kf8 33. h6 g6 34.
f5 Kf7 35. Bxa5 Re2+ 36. Kf4 g5+ 37. Kxg5 Rxe4 38. Re1 Rd4 39. Re6 d2 40. Bxd2
Rxd2 41. Rxc6 Be2 42. Rxc7+ Ke8 43. Rxh7 Rd4 44. Kf6 Bxg4 45. Re1+ Kd8 46. Ree7
Kc8 47. Rh8+ Rd8 48. Ree8 Rxe8 49. Rxe8+ Kd7 50. h7 Rh3 51. h8=Q Rxh8 52. Rxh8
{ChesterX resigns} 1-0

[Event "ICS rated standard match"]
[Site "204.178.125.65"]
[Date "2000.12.12"]
[Round "?"]
[White "Hossa"]
[Black "xaqui"]
[Result "1-0"]
[WhiteElo "2417"]
[BlackElo "1937"]
[PlyCount "93"]
[EventDate "2000.??.??"]

1. Nf3 d5 2. c4 e6 3. g3 Nf6 4. Bg2 Be7 5. O-O O-O 6. b3 b6 7. Bb2 Bb7 8. cxd5
exd5 9. a3 Re8 10. d3 c5 11. e3 Nc6 12. Nc3 d4 13. Na2 Nd5 14. exd4 Bf6 15. Re1
Rc8 16. Rxe8+ Qxe8 17. Qe1 Nxd4 18. Nxd4 Bxd4 19. Bxd4 cxd4 20. Qe4 Qxe4 21.
Bxe4 Rc7 22. Re1 g6 23. Nc1 Rc3 24. h3 f5 25. Bg2 Kf7 26. Bf3 a6 27. Bh1 g5 28.
g4 f4 29. Be4 h6 30. Ne2 Rxb3 31. Ra1 b5 32. Nxd4 Rb2 33. Nf5 Ke6 34. Nxh6 Rb3
35. Nf5 Kf6 36. Kg2 Rc3 37. h4 gxh4 38. Nxh4 Ba8 39. Ng6 Kg5 40. Ne5 Kf6 41.
Nf3 Ke6 42. Rh1 Rxa3 43. Rh8 Bb7 44. Rb8 Bc6 45. Nd4+ Kd6 46. Nxc6 Kxc6 47. Rd8
{xaqui resigns} 1-0